| 000 | 00478nam a2200169Ia 4500 | ||
|---|---|---|---|
| 003 | GCL | ||
| 008 | 140319s9999 xx 000 0 eng d | ||
| 040 |
_aGCL / _cGCL |
||
| 082 | 0 | 4 |
_a618.92 _bJ V |
| 100 | 1 | _aJOHNSTON, PETER G. B. | |
| 245 | 1 | 0 |
_aVULLIAMY'S THE NEWBORN CHILD / _cJOHNSTON, PETER G. B. |
| 260 |
_a[S.N] : _bELBS WITH CHURCHILL LIVINGSTONE ، _c1994 |
||
| 300 | _a201 P | ||
| 650 | 0 | 4 | _aPEDIATRICS |
| 650 | 0 | 4 | _aCHILDREN - DISEASES - DIAGNOSIS |
| 942 |
_2ddc _cBK |
||
| 999 |
_c19855 _d19855 |
||